02516nam a2200313 c 45000010005000000030007000050050017000120070003000290080041000320200018000730400037000910820015001282450113001432640105002563000044003613360029004053370033004343380028004674900063004955000078005585201279006366500040019156500036019556500028019916500034020197000054020537000052021077000043021591264gtuscu20250825114253.0ta250821e2011 gt d|||| |||| 00| 0 spa d a9789929592025 agtuscubspacgtuscudgtuscuerda04a333.7 T3271 aTerritorio y región :bagua, drenajes y recursos naturales en Guatemala /c Luis Rafael Valladares Vielman1 aGuatemala :bUniversidad de San Carlos de Guatemala, Centro de Estudios Urbanos y Regionales,c2011. a238 páginas :bgráficas ;c13.5 cm 2rdacontenidoatextobtxt 2rdamedioasin mediaciónbn 2rdasoporteavolumenbnc aTerritorio y Regionalización en Guatemala ;vvolumen VII aLa presente publicación es una compilación que recoge cinco trabajos.3 aEl ambiente y los recursos naturales son temas que no son ajenos al estudio de lo territorial y lo regional. En el libro que el lector tiene en sus manos, se encuentran las investigaciones realizadas en el CEUR por tres investigadores: Luis Rafael Valladares Vielman se ocupa del estudio del territorio, la regionalización, el paisaje y el espacio; Nicolás de Jesús Guzmán Sáenz estudia los servicios de agua y de drenaje, sus antecedentes históricos, y un análisis estadístico de su cobertura; César Augusto Castañeda Salguero para finalizar presenta tres apartados, en el primero explica su enfoque acerca de la interacción naturaleza y sociedad, en el segundo expone las causas del deterioro de los lagos y lagunas en Guatemala y en el último apartado expone el caso específico del Lago de Atitlan, con sus características históricas, socio geográficas, culturales y las actividades económicas de sus alrededores. El contenido del libro invita a reflexionar sobre lo expresado por César Augusto Castañeda Salguero: "Los problemas ambientales se derivan del seno de la sociedad y se resolverán en la medida que ésta viva transformaciones que conduzcan a relaciones más armónicas y favorables con la naturaleza en su conjunto".142LEMBaRecursos naturaleszGuatemala142LEMBacontaminación ambiental142LEMBaLago de Atitlán142LEMBaCuencas hidrográficas1 aValladares Vielman, Luis Rafaelecreador y editor1 aGuzmán Sáenz, Nicolás de Jesúsecreador1 aCastañeda Salguero, Césarecreador